Escritos del Vedat. (Record no. 1624)

MARC details
000 -LEADER
fixed length control field 01974cas a2200553 4500
001 - CONTROL NUMBER
control field data
005 - DATE AND TIME OF LATEST TRANSACTION
control field 20260322212109.0
008 - FIXED-LENGTH DATA ELEMENTS--GENERAL INFORMATION
fixed length control field data
010 ## - LIBRARY OF CONGRESS CONTROL NUMBER
LC control number 73641734
022 ## - INTERNATIONAL STANDARD SERIAL NUMBER
International Standard Serial Number 0210-3133
Source z
023 0# - CLUSTER ISSN
Cluster ISSN 0210-3133
Source z
029 1# - OTHER SYSTEM CONTROL NUMBER (OCLC)
OCLC library identifier NLGGC
System control number 308250109
029 1# - OTHER SYSTEM CONTROL NUMBER (OCLC)
OCLC library identifier ZWZ
System control number 03919096X
035 ## - SYSTEM CONTROL NUMBER
System control number (OCoLC)2864500
040 ## - CATALOGING SOURCE
Original cataloging agency DLC
Language of cataloging eng
Transcribing agency YUS
Modifying agency OCLCQ
-- NSD
-- DLC
-- OCL
-- OCLCQ
-- LVB
-- OCLCQ
-- OCLCF
-- OCLCO
-- OCLCQ
-- OCLCO
-- OCLCQ
042 ## - AUTHENTICATION CODE
Authentication code nsdp
050 00 - LIBRARY OF CONGRESS CALL NUMBER
Classification number BR45
Item number .E86
210 0# - ABBREVIATED TITLE
Abbreviated title Escr. Vedat
222 #0 - KEY TITLE
Key title Escritos del Vedat
245 00 - TITLE STATEMENT
Title Escritos del Vedat.
260 ## - PUBLICATION, DISTRIBUTION, ETC.
Place of publication, distribution, etc. Valencia
Name of publisher, distributor, etc. Facultad de Teología de San Vicente Ferrer, Sección PP, Dominicos.
249 0# -
-- ACQUIRE Title:
-- Escritos del Vedat.
300 ## - PHYSICAL DESCRIPTION
Extent volumes
Dimensions 24 cm
336 ## - CONTENT TYPE
Content type term text
Content type code txt
Source rdacontent
337 ## - MEDIA TYPE
Media type term unmediated
Media type code n
Source rdamedia
338 ## - CARRIER TYPE
Carrier type term volume
Carrier type code nc
Source rdacarrier
362 0# - DATES OF PUBLICATION AND/OR SEQUENTIAL DESIGNATION
Dates of publication and/or sequential designation v. 1- 1971-
550 ## - ISSUING BODY NOTE
Issuing body note Volumes for 1971-73 published by the Instituto Pontificio de Teología with the Caja de Ahorros y Monte de Piedad de Torrente; 1974- by the Facultad de Teología with the Caja de Ahorros y Monte de Piedad de Torrente.
590 ## - LOCAL NOTE (RLIN)
Local note SERBIB/SERLOC merged record
592 ## -
-- ACQN: aq 94014407
592 ## -
-- Title update FRO Dominicos
650 #0 - SUBJECT ADDED ENTRY--TOPICAL TERM
Topical term or geographic name entry element Theology.
650 #2 - SUBJECT ADDED ENTRY--TOPICAL TERM
Topical term or geographic name entry element Theology
650 #6 - SUBJECT ADDED ENTRY--TOPICAL TERM
Topical term or geographic name entry element Théologie
Form subdivision Collections.
650 #6 - SUBJECT ADDED ENTRY--TOPICAL TERM
Topical term or geographic name entry element Théologie.
650 #7 - SUBJECT ADDED ENTRY--TOPICAL TERM
Topical term or geographic name entry element theology.
Source of heading or term aat
650 #7 - SUBJECT ADDED ENTRY--TOPICAL TERM
Topical term or geographic name entry element Theology.
Source of heading or term fast
Authority record control number or standard number (OCoLC)fst01149559
710 2# - ADDED ENTRY--CORPORATE NAME
Corporate name or jurisdiction name as entry element Caja General de Ahorros y Monte de Piedad de Torrente.
710 2# - ADDED ENTRY--CORPORATE NAME
Corporate name or jurisdiction name as entry element Instituto Pontificio de Teología.
710 2# - ADDED ENTRY--CORPORATE NAME
Corporate name or jurisdiction name as entry element Facultad de Teología de San Vicente Ferrer.
890 ## -
-- Escritos del Vedat. (Instituto Pontificio de Teología, PP. Dominicos) Torrente. 1971- .
-- 73-641734
906 ## - LOCAL DATA ELEMENT F, LDF (RLIN)
a 7
b cbc
c serials
d u
e ncip
f 19
g n-oclcserc
920 ## -
-- Keep 1
991 ## -
-- c-GenColl
-- BR45
-- .E86
-- SERIALS
991 ## -
-- c-Ser
-- ACQUIRE
992 ## -
-- EMPTY
-- ACQUIRE
992 ## -
-- B/L
-- SERLOC
Holdings
Withdrawn status Lost status Damaged status Not for loan Home library Current library Shelving location Date acquired Total checkouts Full call number Barcode Date last seen Price effective from Koha item type
        Institut Protestant de Théologie Institut Protestant de Théologie General stacks 22/03/2026   BR45 LOC-IPT-00015 22/03/2026 22/03/2026 Books